000 00761nam a2200253Ia 4500
003 OSt
005 20220928130908.0
006 a|||||r|||| 00| 0
007 ta
008 220927b |||||||| |||| 00| 0 eng d
024 _a82440
037 _cTextual
040 _aSDCL
_cSDCL
_beng
041 _2eng
_aeng
082 _aX.2'P, P7
100 _aNayak Narayan Ed.
_9476473
245 0 _aEconomic reforms, human welfare and sustainable development in India
260 _aNew Delhi
_bNew Century Publications
_c2007
300 _axxiii,271p.
_ccm.
650 _aEconomic Reforms India
_9450754
700 _a Goswami Kishor Ed.
_9476474
942 _hX.2'P, P7
_cTEXL
_2CC
999 _c788969
_d788969